[Event "FRA-ch U12 Girls"]
[Site "Montbeliard"]
[Date "2014.04.25"]
[Round "7"]
[White "Raynaud, Alexia"]
[Black "Sabiani, Chjara"]
[Result "1/2-1/2"]
[WhiteElo "1484"]
[BlackElo "1483"]
[PlyCount "114"]
[EventDate "2014.04.21"]
[EventType "swiss"]
[EventRounds "9"]
[EventCountry "FRA"]
[SourceTitle "CBM 160 Extra"]
[Source "ChessBase"]
[SourceDate "2014.07.01"]
[SourceVersion "1"]
[SourceVersionDate "2014.07.01"]
[SourceQuality "1"]

1. e4 c5 2. Nf3 d6 3. d4 cxd4 4. Qxd4 Nc6 5. Bb5 Nf6 6. Nc3 g6 7. Be3 Bg7 8. Qd3 0-0 9. 0-0 Bg4 10. Nd4 Ne5 11. Qd2 a6 12. Be2 Bxe2 13. Qxe2 Qd7 14. h3 Rac8 15. f4 Nc6 16. Rad1 Qc7 17. f5 b5 18. a3 Nxd4 19. Bxd4 Qc4 20. Qf3 Nd7 21. Bxg7 Kxg7 22. g4 g5 23. Rd2 Ne5 24. f6+ Kh8 25. Qf5 e6 26. Qxg5 Qc5+ 27. Kh1 Rg8 28. Qf4 Nc4 29. Rg2 Ne3 30. Rfg1 Nxg2 31. Rxg2 Qe5 32. Qxe5 dxe5 33. g5 Rg6 34. h4 Rcg8 35. Ne2 h6 36. Rh2 Rc8 37. c3 Rd8 38. Ng1 Kh7 39. Nf3 Rd1+ 40. Kg2 Rb1 41. Kh3 hxg5 42. hxg5 a5 43. Kg4+ Kg8 44. Rd2 Rh1 45. Rd8+ Kh7 46. Rf8 b4 47. cxb4 axb4 48. axb4 Rg1+ 49. Nxg1 Rxg5+ 50. Kh4 Rxg1 51. Rxf7+ Kh6 52. Re7 Re1 53. Rxe6 Rxe4+ 54. Kg3 Rxb4 55. Rxe5 Rxb2 56. f7 Kg7 57. Rf5 Rb8 1/2-1/2

[Event "FRA-ch U12 Girls"]
[Site "Montbeliard"]
[Date "2014.04.22"]
[Round "3"]
[White "Raynaud, Alexia"]
[Black "Lefebvre, Jade"]
[Result "1-0"]
[WhiteElo "1484"]
[BlackElo "1325"]
[PlyCount "39"]
[EventDate "2014.04.21"]
[EventType "swiss"]
[EventRounds "9"]
[EventCountry "FRA"]
[SourceTitle "CBM 160 Extra"]
[Source "ChessBase"]
[SourceDate "2014.07.01"]
[SourceVersion "1"]
[SourceVersionDate "2014.07.01"]
[SourceQuality "1"]

1. e4 e5 2. Nc3 Nf6 3. f4 d5 4. exd5 exf4 5. Bc4 a6 6. Qe2+ Qe7 7. a4 Bf5 8. d3 Qxe2+ 9. Ngxe2 g5 10. h4 g4 11. Bxf4 Bd6 12. Bxd6 cxd6 13. 0-0-0 Nbd7 14. Rde1 0-0-0 15. Ng3 Bg6 16. h5 Bxh5 17. Nxh5 Rde8 18. Nxf6 Nxf6 19. Rxe8+ Rxe8 20. Rf1 1-0

[Event "FRA-ch U12 Girls"]
[Site "Saint Paul Trois Chateaux"]
[Date "2013.05.02"]
[Round "5"]
[White "Barbe Asensio, Cyrielle"]
[Black "Raynaud, Alexia"]
[Result "1-0"]
[WhiteElo "1436"]
[BlackElo "1413"]
[PlyCount "99"]
[EventDate "2013.04.28"]
[EventType "swiss"]
[EventRounds "9"]
[EventCountry "FRA"]
[SourceTitle "CBM 154 Extra"]
[Source "ChessBase"]
[SourceDate "2013.06.25"]
[SourceVersion "2"]
[SourceVersionDate "2013.06.25"]
[SourceQuality "1"]

1. b3 Nf6 2. Bb2 g6 3. e3 Bg7 4. Nf3 0-0 5. Be2 d6 6. c4 Nbd7 7. d4 c6 8. 0-0 Nb6 9. Bd3 e5 10. dxe5 Ng4 11. h3 Nxe5 12. Nxe5 Bxe5 13. Bxe5 dxe5 14. Bc2 Qe7 15. a3 Rd8 16. Qe2 Be6 17. Nc3 Rd7 18. Rfd1 Rad8 19. Rxd7 Qxd7 20. Rd1 Qe7 21. Rxd8+ Qxd8 22. Qd1 Qxd1+ 23. Nxd1 Kf8 24. Kf1 Ke7 25. Ke2 Kf6 26. Kf3 Bf5 27. Bxf5 Kxf5 28. e4+ Kg5 29. Ne3 Nd7 30. b4 f5 31. g3 c5 32. h4+ Kf6 33. Nd5+ Ke6 34. exf5+ gxf5 35. g4 b6 36. gxf5+ Kxf5 37. Ne3+ Kf6 38. Nd5+ Ke6 39. Ke4 h5 40. f3 Nb8 41. f4 exf4 42. Nxf4+ Kf6 43. Nxh5+ Kg6 44. Nf4+ Kh6 45. bxc5 bxc5 46. Kd5 Na6 47. Ne6 Kh5 48. Nxc5 Nxc5 49. Kxc5 Kxh4 50. Kd6 1-0

[Event "FRA-ch op-D"]
[Site "Pau"]
[Date "2012.08.14"]
[Round "1"]
[White "Bergougnoux, Thierry"]
[Black "Raynaud, Alexia"]
[Result "0-1"]
[WhiteElo "1499"]
[BlackElo "1384"]
[PlyCount "52"]
[EventDate "2012.08.14"]
[EventType "swiss"]
[EventRounds "11"]
[EventCountry "FRA"]
[SourceTitle "EXT 2014"]
[Source "ChessBase"]
[SourceDate "2013.11.20"]
[SourceVersion "1"]
[SourceVersionDate "2013.11.20"]
[SourceQuality "1"]

1. d4 Nf6 2. Nf3 g6 3. Be3 d5 4. g3 Bg7 5. Bg2 0-0 6. 0-0 Bf5 7. Nc3 Qd7 8. Bf4 c6 9. Ne5 Qe6 10. e3 Nh5 11. g4 c5 12. gxh5 Rd8 13. Nxd5 Rxd5 14. h6 Bf6 15. Qe2 Bxe5 16. Bxd5 Qxd5 17. dxe5 Bh3 18. f3 Bxf1 19. Qxf1 Nc6 20. Qb5 Nxe5 21. e4 Nxf3+ 22. Kf1 Qxe4 23. h3 Qxf4 24. Qxb7 Re8 25. Qc6 Nd4+ 26. Kg2 Nxc6 0-1

[Event "FRA-chT U20"]
[Site "France"]
[Date "2012.05.27"]
[Round "?"]
[White "Grimaldi, Antonin"]
[Black "Raynaud, Alexia"]
[Result "1/2-1/2"]
[WhiteElo "1287"]
[BlackElo "1356"]
[PlyCount "73"]
[EventDate "2012.05.26"]
[EventType "team-swiss"]
[EventRounds "9"]
[EventCountry "FRA"]
[SourceTitle "EXT 2014"]
[Source "ChessBase"]
[SourceDate "2013.11.20"]
[SourceVersion "1"]
[SourceVersionDate "2013.11.20"]
[SourceQuality "1"]

1. e4 c6 2. d4 d5 3. exd5 cxd5 4. Bd3 Nc6 5. c3 Qc7 6. Nd2 Nf6 7. h3 e6 8. Ngf3 Bd6 9. 0-0 0-0 10. Nb3 b6 11. Bg5 Nd7 12. Qe2 e5 13. Rac1 e4 14. Bxe4 dxe4 15. Qxe4 Bb7 16. Qg4 Rfe8 17. Bh6 Bf8 18. Ng5 Nf6 19. Ne6 Rxe6 20. Qg5 Ne7 21. Nd2 Nf5 22. Qxf5 Re2 23. Qg5 Ne4 24. Nxe4 Bxe4 25. Qg4 Bd3 26. Qf3 Bb5 27. Bf4 Qc8 28. c4 Bxc4 29. Rxc4 Qxc4 30. Qxa8 Qxd4 31. Qb8 f5 32. Be3 Qa4 33. Rc1 Qxa2 34. Rc8 Qf7 35. Rc7 Qg6 36. Rc8 Qf7 37. Rc7 1/2-1/2

[Event "FRA-chT U20"]
[Site "France"]
[Date "2012.05.26"]
[Round "?"]
[White "Raynaud, Alexia"]
[Black "Navrotescu, Vlad Andrei"]
[Result "0-1"]
[WhiteElo "1356"]
[BlackElo "1295"]
[PlyCount "46"]
[EventDate "2012.05.26"]
[EventType "team-swiss"]
[EventRounds "9"]
[EventCountry "FRA"]
[SourceTitle "EXT 2014"]
[Source "ChessBase"]
[SourceDate "2013.11.20"]
[SourceVersion "1"]
[SourceVersionDate "2013.11.20"]
[SourceQuality "1"]

1. e4 c5 2. Nc3 e6 3. f4 Nf6 4. Bc4 d5 5. Bb3 Nxe4 6. Nxe4 dxe4 7. Ne2 Nc6 8. 0-0 b5 9. a3 c4 10. Ba2 Bc5+ 11. Kh1 0-0 12. Nc3 a6 13. Nxe4 Bb6 14. Qh5 Bb7 15. c3 Ne7 16. Bb1 Ng6 17. Ng5 h6 18. Nxe6 fxe6 19. Bxg6 Qd6 20. f5 Qd3 21. Qd1 exf5 22. Rxf5 Rxf5 23. Bxf5 Qxf5 0-1

[Event "Marseille op 4th"]
[Site "Marseille"]
[Date "2011.12.28"]
[Round "5"]
[White "Chen, Thibaut"]
[Black "Raynaud, Alexia"]
[Result "0-1"]
[WhiteElo "1199"]
[BlackElo "1401"]
[PlyCount "62"]
[EventDate "2011.12.26"]
[EventType "swiss"]
[EventRounds "9"]
[EventCountry "FRA"]
[SourceTitle "CBM 146 Extra"]
[Source "ChessBase"]
[SourceDate "2012.02.29"]
[SourceVersion "1"]
[SourceVersionDate "2012.02.29"]
[SourceQuality "1"]

1. e4 c6 2. Nc3 d5 3. d3 e5 4. Nf3 d4 5. Ne2 Nf6 6. Nxe5 Qa5+ 7. Bd2 Qxe5 8. Bf4 Qa5+ 9. c3 dxc3 10. bxc3 Bg4 11. f3 Be6 12. Rc1 Bxa2 13. Bd2 Qb6 14. d4 Bb3 15. Rb1 Bxd1 16. Rxb6 axb6 17. Kxd1 Ra1+ 18. Kc2 Be7 19. e5 Nfd7 20. Ng3 0-0 21. Ne4 c5 22. dxc5 bxc5 23. Kb2 Ra8 24. Bc4 Nxe5 25. Bb3 c4 26. Bc2 Ba3+ 27. Kb1 Rd8 28. Rd1 f5 29. Ng3 Rd6 30. Bxf5 Rb6+ 31. Kc2 Rb2+ 0-1

[Event "Marseille op 4th"]
[Site "Marseille"]
[Date "2011.12.27"]
[Round "3"]
[White "Sanchez, Frederic"]
[Black "Raynaud, Alexia"]
[Result "1-0"]
[WhiteElo "1684"]
[BlackElo "1401"]
[PlyCount "99"]
[EventDate "2011.12.26"]
[EventType "swiss"]
[EventRounds "9"]
[EventCountry "FRA"]
[SourceTitle "CBM 146 Extra"]
[Source "ChessBase"]
[SourceDate "2012.02.29"]
[SourceVersion "1"]
[SourceVersionDate "2012.02.29"]
[SourceQuality "1"]

1. d4 d5 2. Bf4 Nf6 3. e3 Nbd7 4. Nf3 e6 5. c3 Be7 6. Nbd2 b6 7. Bd3 Bb7 8. h3 c5 9. 0-0 0-0 10. Qc2 g6 11. Rfe1 c4 12. Bf1 Rc8 13. b3 b5 14. Ne5 Bd6 15. Nxf7 Rxf7 16. Bxd6 Qb6 17. Bf4 Re8 18. Rab1 Qd8 19. Bg5 a6 20. bxc4 dxc4 21. a4 Bc6 22. f3 Qc7 23. e4 Nh5 24. Bh6 Qg3 25. axb5 axb5 26. Qd1 g5 27. d5 exd5 28. exd5 Rxe1 29. Qxe1 Qxe1 30. Rxe1 Bxd5 31. Re8+ Rf8 32. Bxf8 Nxf8 33. Re5 Nf6 34. Rxg5+ Kh8 35. Rf5 N8d7 36. g4 b4 37. Nxc4 bxc3 38. Ne3 Bb3 39. Bd3 Kg7 40. Bc2 Bxc2 41. Nxc2 Nb6 42. Rc5 Na4 43. Rc4 Nb6 44. Rxc3 Nbd5 45. Rc5 Nf4 46. h4 Ne2+ 47. Kf2 Nf4 48. Rc6 Nd3+ 49. Kg3 Ne5 50. Ra6 1-0

[Event "Marseille op 4th"]
[Site "Marseille"]
[Date "2011.12.26"]
[Round "2"]
[White "Raynaud, Alexia"]
[Black "Tchifteyan, Philippe"]
[Result "0-1"]
[WhiteElo "1401"]
[BlackElo "1661"]
[PlyCount "72"]
[EventDate "2011.12.26"]
[EventType "swiss"]
[EventRounds "9"]
[EventCountry "FRA"]
[SourceTitle "CBM 146 Extra"]
[Source "ChessBase"]
[SourceDate "2012.02.29"]
[SourceVersion "1"]
[SourceVersionDate "2012.02.29"]
[SourceQuality "1"]

1. e4 c5 2. Nf3 Nc6 3. c3 e5 4. Bc4 d6 5. d4 Bg4 6. d5 Nce7 7. h3 Bd7 8. 0-0 Ng6 9. Be3 Be7 10. Qb3 Qc8 11. Bb5 Nf6 12. Nbd2 h5 13. Bg5 h4 14. Rfe1 Nh5 15. Nc4 Nhf4 16. Bxe7 Kxe7 17. Ng5 Nxh3+ 18. gxh3 Bxh3 19. Nxh3 Qxh3 20. Re3 Qg4+ 21. Kf1 Nf4 22. Rd1 h3 23. f3 Qg2+ 24. Ke1 h2 25. Nd2 h1Q+ 26. Nf1 Qhxf1+ 27. Bxf1 Rh1 28. Qc4 a6 29. Rd2 Qg1 30. Rf2 b5 31. Qb3 c4 32. Qc2 Rah8 33. a3 R8h2 34. Qd2 Nd3+ 35. Rxd3 cxd3 36. Rxh2 Qxf1# 0-1

[Event "FRA-chT U20 1112"]
[Site "France"]
[Date "2011.12.19"]
[Round "7"]
[White "Quan, Leya"]
[Black "Raynaud, Alexia"]
[Result "1-0"]
[WhiteElo "1160"]
[BlackElo "1401"]
[PlyCount "77"]
[EventDate "2011.12.03"]
[EventType "team-swiss"]
[EventRounds "7"]
[EventCountry "FRA"]
[SourceTitle "EXT 2013"]
[Source "ChessBase"]
[SourceDate "2012.11.22"]
[SourceVersion "1"]
[SourceVersionDate "2012.11.22"]
[SourceQuality "1"]

1. e4 c6 2. Nf3 d5 3. exd5 cxd5 4. Ne5 Nf6 5. Bb5+ Bd7 6. Nxd7 Nbxd7 7. 0-0 a6 8. Ba4 e5 9. Re1 b5 10. Bb3 Bd6 11. d3 h6 12. Nc3 Nb6 13. d4 e4 14. Be3 0-0 15. h3 Qc7 16. a3 Bf4 17. Bxf4 Qxf4 18. Re3 Rfc8 19. Rg3 Nc4 20. Bxc4 Rxc4 21. b3 Rc7 22. Ne2 Qd6 23. Nc3 e3 24. Rxe3 Rac8 25. Qd2 b4 26. axb4 Qxb4 27. Ra4 Qxc3 28. Rxc3 Rxc3 29. Rxa6 Rxc2 30. Qf4 Rb8 31. Qxb8+ Kh7 32. Ra8 Rc1+ 33. Kh2 Rd1 34. Qh8+ Kg6 35. Ra4 Rd3 36. Qb8 Ne4 37. f3 Nc3 38. Ra6+ Kf5 39. Qe5# 1-0

[Event "FRA-chT U20 1112"]
[Site "France"]
[Date "2011.12.19"]
[Round "7"]
[White "Raynaud, Alexia"]
[Black "Labelle, Ambroise"]
[Result "0-1"]
[WhiteElo "1401"]
[BlackElo "1009"]
[PlyCount "138"]
[EventDate "2011.12.03"]
[EventType "team-swiss"]
[EventRounds "7"]
[EventCountry "FRA"]
[SourceTitle "EXT 2013"]
[Source "ChessBase"]
[SourceDate "2012.11.22"]
[SourceVersion "1"]
[SourceVersionDate "2012.11.22"]
[SourceQuality "1"]

1. e4 c5 2. Nf3 Nc6 3. c3 g6 4. d4 cxd4 5. cxd4 d5 6. e5 Bg7 7. Nc3 e6 8. Bb5 Nge7 9. Bg5 Bd7 10. 0-0 0-0 11. Qd2 f6 12. exf6 Bxf6 13. Bxf6 Rxf6 14. Qg5 Rf7 15. Rfe1 Nf5 16. Qxd8+ Rxd8 17. Na4 Ncxd4 18. Bxd7 Rdxd7 19. Ne5 Nc2 20. Nxd7 Rxd7 21. Nc5 Re7 22. Rac1 Nxe1 23. Rxe1 Kf7 24. f3 b6 25. Na6 d4 26. Rd1 Rd7 27. g4 Ne3 28. Rd3 Kf6 29. Nb4 a5 30. Nc6 e5 31. b4 axb4 32. Nxb4 h5 33. h3 hxg4 34. hxg4 Kg5 35. Kf2 Kf4 36. a4 e4 37. fxe4 Kxe4 38. Kg3 g5 39. Rb3 d3 40. Nxd3 Rxd3 41. Rb5 Rd1 42. Rxg5 Rg1+ 43. Kh3 Nxg4 44. Rxg4+ Rxg4 45. Kxg4 Kd4 46. Kf4 Kc4 47. Ke4 Kb4 48. Kd3 Kxa4 49. Kc2 b5 50. Kb1 Ka3 51. Ka1 b4 52. Kb1 Kb3 53. Kc1 Ka2 54. Kc2 b3+ 55. Kc3 b2 56. Kc4 b1Q 57. Kc5 Qb3 58. Kc6 Qb4 59. Kc7 Qb5 60. Kc8 Qd5 61. Kc7 Kb3 62. Kc8 Qd6 63. Kb7 Qc5 64. Kb8 Qc6 65. Ka7 Qb5 66. Ka8 Kc4 67. Ka7 Kc5 68. Ka8 Kc6 69. Ka7 Qb7# 0-1

[Event "FRA-chT U20 1112"]
[Site "France"]
[Date "2011.12.04"]
[Round "3.8"]
[White "Meric, Geoffrey"]
[Black "Raynaud, Alexia"]
[Result "1-0"]
[WhiteElo "1009"]
[BlackElo "1401"]
[PlyCount "129"]
[EventDate "2011.12.03"]
[EventType "team-swiss"]
[EventRounds "7"]
[EventCountry "FRA"]
[SourceTitle "EXT 2013"]
[Source "ChessBase"]
[SourceDate "2012.11.22"]
[SourceVersion "1"]
[SourceVersionDate "2012.11.22"]
[SourceQuality "1"]

1. e4 c6 2. d4 d5 3. exd5 cxd5 4. Nf3 Nc6 5. c4 e6 6. Bf4 Nf6 7. Nc3 Be7 8. Bd3 0-0 9. 0-0 b6 10. Nb5 Bb7 11. Nc7 Rc8 12. cxd5 exd5 13. Na6 Nb8 14. Nxb8 Rxb8 15. Bxb8 Qxb8 16. Re1 Bd6 17. Ne5 Re8 18. g3 Bxe5 19. dxe5 Rxe5 20. Rxe5 Qxe5 21. Qe2 Qc7 22. Re1 Bc6 23. Bc2 Qd7 24. Qe7 Qxe7 25. Rxe7 a5 26. Rc7 Bd7 27. Rb7 b5 28. Bf5 Bc6 29. Ra7 a4 30. Rc7 Be8 31. b3 g6 32. Bd3 d4 33. bxa4 bxa4 34. Ra7 Nd5 35. Ra8 Nc7 36. Rc8 Nd5 37. Rxe8+ Kg7 38. Rd8 Nb4 39. Rxd4 Nxa2 40. Rxa4 Nc1 41. Bc4 Kf6 42. Ra7 Kg5 43. Rxf7 Kh6 44. Rf8 Kg7 45. Rc8 Kf6 46. Bg8 Kg5 47. Rxc1 Kh6 48. Rc7 Kg5 49. Rxh7 Kf5 50. f4 Kf6 51. Bb3 g5 52. fxg5+ Kxg5 53. h4+ Kf5 54. h5 Kg5 55. Bf7 Kf5 56. Rh8 Kg5 57. h6 Kf6 58. h7 Kxf7 59. Rg8 Kf6 60. h8Q+ Kf5 61. Re8 Kg5 62. Qe5+ Kg6 63. Rf8 Kh6 64. Rg8 Kh7 65. Qh8# 1-0